<?xml version="1.0" encoding="UTF-8"?>
<collection xmlns="http://www.loc.gov/MARC21/slim">
 <record>
  <leader>03597nam a2200529 a 4500</leader>
  <controlfield tag="001">00006430</controlfield>
  <controlfield tag="003">BD-DhAAL</controlfield>
  <controlfield tag="005">20160714164722.0</controlfield>
  <controlfield tag="008">091008s1989    nyu      b    000 0 eng d</controlfield>
  <datafield tag="040" ind1=" " ind2=" ">
   <subfield code="a">DNLM</subfield>
   <subfield code="c">DNLM</subfield>
   <subfield code="d">BD-DhAAL</subfield>
  </datafield>
  <datafield tag="082" ind1="0" ind2="0">
   <subfield code="a">362.1</subfield>
   <subfield code="2">20</subfield>
  </datafield>
  <datafield tag="999" ind1=" " ind2=" ">
   <subfield code="c">4473</subfield>
   <subfield code="d">4473</subfield>
  </datafield>
  <datafield tag="999" ind1=" " ind2=" ">
   <subfield code="c">4473</subfield>
  </datafield>
  <datafield tag="999" ind1=" " ind2=" ">
   <subfield code="c">4473</subfield>
  </datafield>
  <datafield tag="999" ind1=" " ind2=" ">
   <subfield code="c">4473</subfield>
  </datafield>
  <datafield tag="999" ind1=" " ind2=" ">
   <subfield code="c">4473</subfield>
  </datafield>
  <datafield tag="100" ind1="1" ind2=" ">
   <subfield code="a">Lovell, C. H.</subfield>
   <subfield code="9">19876</subfield>
  </datafield>
  <datafield tag="245" ind1="0" ind2="4">
   <subfield code="a">The BRAC :</subfield>
   <subfield code="b">non-formal primary education programme in Bangladesh /</subfield>
   <subfield code="c">Catherine.H. Lovell and Kaniz Fatema.</subfield>
  </datafield>
  <datafield tag="260" ind1=" " ind2=" ">
   <subfield code="a">New York :</subfield>
   <subfield code="b">UNICEF,</subfield>
   <subfield code="c">1989.</subfield>
  </datafield>
  <datafield tag="300" ind1=" " ind2=" ">
   <subfield code="a">51 p. :</subfield>
   <subfield code="b">ill. ;</subfield>
   <subfield code="c">21 cm.</subfield>
  </datafield>
  <datafield tag="504" ind1=" " ind2=" ">
   <subfield code="a">Includes bibliographical references</subfield>
  </datafield>
  <datafield tag="520" ind1="3" ind2=" ">
   <subfield code="a">The Bangladesh Rural Advancement Committee (BRAC) is the largest nongovernmental organization in Bangladesh.  In 1985, in response to requests for rural poor people, it initiated a primary education program with experimental schools in 22 villages.  By late 1989, the program had expanded to 2500 schools and another 2000 schools are expected to open in 1991.  The objective of the program at its inception was to develop a replicable primary education model which could provide, in a 3-year period, basic literacy and numeracy to the poorest rural children who as yet had remained unreached by the formal school system.  Experience with the program has proven that paraprofessional teachers, carefully but quickly trained and paid a small stipend, can be effective and that extensive parent and community involvement is important fore success.  The program has shown that young village women and men can become dedicated and responsible teachers if they are well-selected and receive good basic training and continuing refresher courses, effective and consistent supervision, and structured guidance on what and how children should learn.</subfield>
  </datafield>
  <datafield tag="541" ind1="1" ind2=" ">
   <subfield code="e">00006430</subfield>
  </datafield>
  <datafield tag="650" ind1="1" ind2="2">
   <subfield code="a">Consumer Participation</subfield>
   <subfield code="8">p</subfield>
   <subfield code="9">19877</subfield>
  </datafield>
  <datafield tag="650" ind1="1" ind2="2">
   <subfield code="a">Curriculum</subfield>
   <subfield code="8">p</subfield>
   <subfield code="9">19878</subfield>
  </datafield>
  <datafield tag="650" ind1="1" ind2="2">
   <subfield code="a">Education</subfield>
   <subfield code="8">p</subfield>
   <subfield code="9">19879</subfield>
  </datafield>
  <datafield tag="650" ind1="1" ind2="2">
   <subfield code="a">Organization and Administration</subfield>
   <subfield code="8">p</subfield>
   <subfield code="9">19880</subfield>
  </datafield>
  <datafield tag="650" ind1="1" ind2="2">
   <subfield code="a">Program Evaluation</subfield>
   <subfield code="8">p</subfield>
   <subfield code="9">19881</subfield>
  </datafield>
  <datafield tag="650" ind1="1" ind2="2">
   <subfield code="a">Rural Population</subfield>
   <subfield code="8">p</subfield>
   <subfield code="9">19882</subfield>
  </datafield>
  <datafield tag="650" ind1="2" ind2="2">
   <subfield code="a">Demography</subfield>
   <subfield code="8">p</subfield>
   <subfield code="9">19883</subfield>
  </datafield>
  <datafield tag="650" ind1="2" ind2="2">
   <subfield code="a">Developing Countries</subfield>
   <subfield code="8">p</subfield>
   <subfield code="9">19884</subfield>
  </datafield>
  <datafield tag="650" ind1="2" ind2="2">
   <subfield code="a">Population</subfield>
   <subfield code="8">p</subfield>
   <subfield code="9">19885</subfield>
  </datafield>
  <datafield tag="650" ind1="2" ind2="2">
   <subfield code="a">Population Characteristics</subfield>
   <subfield code="8">p</subfield>
   <subfield code="9">19886</subfield>
  </datafield>
  <datafield tag="651" ind1=" " ind2="2">
   <subfield code="a">Asia</subfield>
   <subfield code="8">p</subfield>
   <subfield code="9">19887</subfield>
  </datafield>
  <datafield tag="651" ind1=" " ind2="2">
   <subfield code="a">Bangladesh</subfield>
   <subfield code="8">p</subfield>
   <subfield code="9">19888</subfield>
  </datafield>
  <datafield tag="651" ind1=" " ind2="4">
   <subfield code="a">Southern Asia</subfield>
   <subfield code="8">p</subfield>
   <subfield code="9">19889</subfield>
  </datafield>
  <datafield tag="655" ind1=" " ind2="2">
   <subfield code="a">Evaluation Studies</subfield>
   <subfield code="8">p</subfield>
   <subfield code="9">19890</subfield>
  </datafield>
  <datafield tag="655" ind1=" " ind2="2">
   <subfield code="a">Technical Report</subfield>
   <subfield code="8">p</subfield>
   <subfield code="9">19891</subfield>
  </datafield>
  <datafield tag="700" ind1="1" ind2=" ">
   <subfield code="a">Fatema, K.</subfield>
   <subfield code="9">19892</subfield>
  </datafield>
  <datafield tag="852" ind1="4" ind2=" ">
   <subfield code="a">Ayesha Abed Library</subfield>
   <subfield code="j">General shelf </subfield>
  </datafield>
  <datafield tag="942" ind1=" " ind2=" ">
   <subfield code="2">ddc</subfield>
   <subfield code="c">BK</subfield>
  </datafield>
  <datafield tag="952" ind1=" " ind2=" ">
   <subfield code="0">0</subfield>
   <subfield code="1">0</subfield>
   <subfield code="2">ddc</subfield>
   <subfield code="4">0</subfield>
   <subfield code="6">362_100000000000000_LOV_1989</subfield>
   <subfield code="7">0</subfield>
   <subfield code="9">4188</subfield>
   <subfield code="a">BRACUL</subfield>
   <subfield code="b">BRACUL</subfield>
   <subfield code="c">GEN</subfield>
   <subfield code="d">2009-10-11</subfield>
   <subfield code="g">0.00</subfield>
   <subfield code="l">1</subfield>
   <subfield code="o">362.1 LOV</subfield>
   <subfield code="p">3010006430</subfield>
   <subfield code="r">2025-07-16</subfield>
   <subfield code="s">2025-07-14</subfield>
   <subfield code="t">1</subfield>
   <subfield code="w">2009-10-11</subfield>
   <subfield code="y">BK</subfield>
   <subfield code="x">No price found in the accession register.</subfield>
  </datafield>
  <datafield tag="952" ind1=" " ind2=" ">
   <subfield code="0">0</subfield>
   <subfield code="1">0</subfield>
   <subfield code="2">ddc</subfield>
   <subfield code="4">0</subfield>
   <subfield code="6">362_100000000000000_LOV_1989</subfield>
   <subfield code="7">0</subfield>
   <subfield code="9">8815</subfield>
   <subfield code="a">BRACUL</subfield>
   <subfield code="b">BRACUL</subfield>
   <subfield code="c">GEN</subfield>
   <subfield code="d">2010-03-28</subfield>
   <subfield code="g">0.00</subfield>
   <subfield code="l">0</subfield>
   <subfield code="o">362.1 LOV</subfield>
   <subfield code="p">3010003734</subfield>
   <subfield code="r">2010-03-28</subfield>
   <subfield code="t">2</subfield>
   <subfield code="w">2010-03-28</subfield>
   <subfield code="y">BK</subfield>
   <subfield code="z">Not price in Register</subfield>
  </datafield>
  <datafield tag="952" ind1=" " ind2=" ">
   <subfield code="0">0</subfield>
   <subfield code="1">0</subfield>
   <subfield code="2">ddc</subfield>
   <subfield code="4">0</subfield>
   <subfield code="6">362_100000000000000_LOV_1989</subfield>
   <subfield code="7">0</subfield>
   <subfield code="9">9752</subfield>
   <subfield code="a">BRACUL</subfield>
   <subfield code="b">BRACUL</subfield>
   <subfield code="c">GEN</subfield>
   <subfield code="d">2010-05-04</subfield>
   <subfield code="l">0</subfield>
   <subfield code="o">362.1 LOV</subfield>
   <subfield code="p">3010006429</subfield>
   <subfield code="r">2010-05-04</subfield>
   <subfield code="t">3</subfield>
   <subfield code="w">2010-05-04</subfield>
   <subfield code="y">BK</subfield>
  </datafield>
  <datafield tag="952" ind1=" " ind2=" ">
   <subfield code="0">0</subfield>
   <subfield code="1">0</subfield>
   <subfield code="2">ddc</subfield>
   <subfield code="4">0</subfield>
   <subfield code="6">362_100000000000000_LOV_1989</subfield>
   <subfield code="7">0</subfield>
   <subfield code="9">9753</subfield>
   <subfield code="a">BRACUL</subfield>
   <subfield code="b">BRACUL</subfield>
   <subfield code="c">GEN</subfield>
   <subfield code="d">2010-05-04</subfield>
   <subfield code="l">0</subfield>
   <subfield code="o">362.1 LOV</subfield>
   <subfield code="p">3010006338</subfield>
   <subfield code="r">2010-05-04</subfield>
   <subfield code="t">4</subfield>
   <subfield code="w">2010-05-04</subfield>
   <subfield code="y">BK</subfield>
  </datafield>
  <datafield tag="952" ind1=" " ind2=" ">
   <subfield code="0">0</subfield>
   <subfield code="1">0</subfield>
   <subfield code="2">ddc</subfield>
   <subfield code="4">0</subfield>
   <subfield code="6">362_100000000000000_LOV_1989</subfield>
   <subfield code="7">0</subfield>
   <subfield code="9">9754</subfield>
   <subfield code="a">BRACUL</subfield>
   <subfield code="b">BRACUL</subfield>
   <subfield code="c">GEN</subfield>
   <subfield code="d">2010-05-04</subfield>
   <subfield code="l">0</subfield>
   <subfield code="o">362.1 LOV</subfield>
   <subfield code="p">3010006431</subfield>
   <subfield code="r">2010-05-04</subfield>
   <subfield code="t">5</subfield>
   <subfield code="w">2010-05-04</subfield>
   <subfield code="y">BK</subfield>
  </datafield>
  <datafield tag="952" ind1=" " ind2=" ">
   <subfield code="0">0</subfield>
   <subfield code="1">0</subfield>
   <subfield code="2">ddc</subfield>
   <subfield code="4">0</subfield>
   <subfield code="6">362_100000000000000_LOV_1989</subfield>
   <subfield code="7">0</subfield>
   <subfield code="9">9755</subfield>
   <subfield code="a">BRACUL</subfield>
   <subfield code="b">BRACUL</subfield>
   <subfield code="c">GEN</subfield>
   <subfield code="d">2010-05-04</subfield>
   <subfield code="l">1</subfield>
   <subfield code="o">362.1 LOV</subfield>
   <subfield code="p">3010006339</subfield>
   <subfield code="r">2025-07-16</subfield>
   <subfield code="s">2025-07-10</subfield>
   <subfield code="t">6</subfield>
   <subfield code="w">2010-05-04</subfield>
   <subfield code="y">BK</subfield>
  </datafield>
 </record>
</collection>
